00670nam a2200193 i 450000100060000000300090000600500170001500700030003200800410003510000430007624500880011926000310020730000220023865000260026070000290028685200220031599900170033795201220035499145ES-MaACL20250418063152.0t|050902s1973 sp ||||1| spa d1 aMartín, José Luis, d1921-914329210aCrítica estilística / cJosé Luis Martín ; prólogo de Helmut A. Hatzfeld. aMadrid : bGredos, c1973. a410 p. ; c25 cm. 4aEstilística.9125511 aHatzfeld, Helmut.962079 aES-MaACLjC-50777 c99145d99145 00104070aATENEOMbATENEOMcDEPO2d2008-01-17eSCl0oC-50777p1103509r2023-02-23 00:00:00w2023-02-23yMONOGRAFIA